000 00644nam a2200193 i 4500
001 122469
003 ES-MaACL
005 20240115194103.0
007 t|
008 070214s1966 sp r ||||1| spa d
100 1 _aPrimo de Rivera y Urquijo, Miguel,
_d1934-2018
_993973
245 1 0 _aAnálisis e importancia del municipio /
_cMiguel Primo de Rivera y Urquijo.
260 _aJerez de la Frontera :
_bAyuntamiento,
_c1966.
300 _a53 p. ;
_c27 cm.
650 0 4 _aAdministración municipal-
_zEspaña.
_99642
710 1 _aJerez de la Frontera.
_bAyuntamiento
_95345
852 _aES-MaACL
_jC-30820
_bR.60921
999 _c122469
_d122469